000 01546nam a22003731i 4500
001 bslw10058098
005 20240305165652.0
006 m o d
007 cr un ---uuuua
008 230610s2013 sp ob 001 0 spa d
020 _a9788413815916
035 _a38510
040 _aUtOrBLW
_beng
_erda
_cUtOrBLW
041 1 _aspa
_heng
050 4 _aK5001
_b.C4418 2013
082 0 4 _a345
_223
100 1 _aChehtman, Alejandro,
_eauthor.
240 1 0 _aPhilosophical foundations of extraterritorial punishment.
_lSpanish
245 1 0 _aFundamentación filosófica de la justicia penal extraterritorial /
_cAlejandro Chehtman ; prefacio a la edición en castellano de Nicola Lacey ; traducción de Luciana Morón.
264 1 _aMadrid :
_bMarcial Pons,
_c2013.
300 _a1 online resource (262 pages)
336 _atext
_btxt
_2rdacontent
337 _acomputer
_bc
_2rdamedia
338 _aonline resource
_bcr
_2rdacarrier
490 1 _aDerecho penal y criminología
504 _aIncludes bibliographical references and index.
500 _aTítulo original: The philosophical foundations of extraterritorial punishment. Oxford University Press, 2010. Esta traducción se publica de acuerdo con Oxford University Press.
650 0 _aCriminal justice, Administration of
_xPhilosophy.
700 1 _aLacey, Nicola,
_ewriter of preface.
700 1 _aMorón, Luciana,
_etranslator.
830 0 _aDerecho penal y criminología (Marcial Pons (Firm))
856 4 0 _uhttps://app.vlex.com/#/sources/38510
942 _cRAA
999 _c172835
_d172835